|
|
|
|
| LEADER |
00949nam a2200229 u 4500 |
| 001 |
10026396 |
| 003 |
upatras |
| 005 |
20210510095336.0 |
| 008 |
980515s1969 us eng |
| 952 |
|
|
|0 0
|1 0
|4 0
|6 353_950000000000000_WIG
|7 0
|9 196578
|a PHYS
|b PHYS
|d 2016-04-24
|i 00982
|l 0
|o 353.95 WIG
|p 025000023684
|r 2016-04-24 00:00:00
|t 1
|w 2016-04-24
|y BK15
|
| 999 |
|
|
|c 120603
|d 120603
|
| 040 |
|
|
|a GR-PaULI
|c GR-PaULI
|b gre
|e AACR2
|
| 041 |
0 |
|
|a eng
|
| 082 |
0 |
4 |
|a 353.95
|
| 245 |
1 |
0 |
|a Survival and the bomb :
|b methods of civil defense /
|c edited by Eugene P. Wigner.
|
| 260 |
|
|
|a Indiana :
|b Indiana University Press,
|c 1969.
|
| 300 |
|
|
|a ix, 307 σ. :
|c 22 εκ.
|
| 504 |
|
|
|a Περιλαμβάνει βιβλιογραφικές παραπομπές.
|
| 650 |
|
4 |
|a Δημόσια άμυνα
|9 152286
|
| 700 |
1 |
|
|a Wigner, Eugene Paul,
|d 1902-1995
|9 39118
|
| 852 |
|
|
|a GR-PaULI
|b ΠΑΤΡΑ
|b ΦΥΣΙΚΟ
|k ΑΕΧ-1
|h 353.95 WIG
|m 00982
|p 025000023684
|t 1
|
| 942 |
|
|
|2 ddc
|c BK15
|